000 00517nam a2200181Ia 4500
005 20230131141537.0
008 131103s9999 xx 000 0 und d
040 _aLoreto College
041 _aEnglish
082 _a880
_bMUR
100 _aMurray,Gilbert
245 4 _aThe rise of the Greek epic
_b being a course of lectures deliverd at Harvard University
_cGilbert Murray
250 _a4th ed.
260 _aLondon
_bOxford University Press
_c1934
300 _axxiv,356 p.
850 _aLCLIB
942 _cBK
999 _c5473
_d55952